00342nam a22001337a 450000500170000002000180001708200180003510000170005324500500007025000060012026000460012630000130017265000230018520260418134346.0 a9789395161237 a541.38bARN.E aArnikar H J  aEssentials of Nuclear Chemistry/cH J Arnikar a5 aNew Delhi:bNew Age International,c2025. axv,440p. aNuclear chemistry